000 01056nam0a22002411 4500
001 rc\2801057
005 20260407054857.0
035 _a(NLR Aleph) 006927072
090 _a7508142
_c7508142
100 _a20110915d1936 |||y0rusy50 ca
101 0 _arus
102 _aRU
105 _aa j |||||
200 1 _aК итогам 1935-36 учебного года
_eСборник материалов вместо бюллетеня "Просвещение Западной Сибири" №№ 3 и 4
_fЗап.-Сибирский краев. отд. нар. образования
210 _aНовосибирск
_cЗап.-Сибирск. краев. изд-во
_d1936
215 _a121, [2] с.
_cил., черт.
_d22 см.
300 _aБез тит. л. Описано по обл.
710 0 2 _aЗападно-Сибирский краевой отдел народного образования
_3RU\NLR\AUTH\8810025303
_9548856
801 0 _aRU
_bNLR
_gpsbo
801 1 _aRU
_bELAR
_2rusmarc
852 _aNLR
_j36-3/1775
942 _cBOOK
980 _aNB